| 000 | 00607nam a22002297a 4500 | ||
|---|---|---|---|
| 003 | UA-OsUOA | ||
| 001 | 16837 | ||
| 007 | ta | ||
| 008 | 20031013b un ||||| |||| 00| 0 ukr d | ||
| 100 | _aГорбукова Т. | ||
| 090 | _bГ-671 | ||
| 942 | _cBK | ||
| 040 |
_aUA-OsUOA _bukr _cUA-OsUOA _dUA-OsUOA |
||
| 245 |
_aНе заключайте в рамки божество... _bСборник стихотворений |
||
| 300 | _a32 с. | ||
| 955 | _a0 | ||
| 041 | _aukr | ||
| 591 | _a84(4Укр)6 | ||
| 260 |
_aРівне _bПринт Хауз _c1999 |
||
| 044 | _aUA | ||
| 650 | 7 |
_aВірші _2UDC |
|
| 999 |
_c303004 _d303004 |
||